Power plant Technology / (Record no. 4551)

MARC details
000 -LEADER
fixed length control field 00835nac a22002655a 4500
008 - FIXED-LENGTH DATA ELEMENTS--GENERAL INFORMATION
fixed length control field 110418t1984 n a frb 001 0 eng d
010 ## - LIBRARY OF CONGRESS CONTROL NUMBER
LC control number 83014944
020 ## - INTERNATIONAL STANDARD BOOK NUMBER
International Standard Book Number 0070662746
020 ## - INTERNATIONAL STANDARD BOOK NUMBER
International Standard Book Number 9780070662742
040 ## - CATALOGING SOURCE
Original cataloging agency EG-Sc BUE
Language of cataloging eng
Transcribing agency EG-Sc BUE
082 04 - DEWEY DECIMAL CLASSIFICATION NUMBER
Classification number 621.3121
Item number WAK
Edition number 22
100 1# - MAIN ENTRY--PERSONAL NAME
Personal name El-Wakil, M. M.
9 (RLIN) 23177
245 10 - TITLE STATEMENT
Title Power plant Technology /
Statement of responsibility, etc M. M. El-Wakil.
260 ## - PUBLICATION, DISTRIBUTION, ETC. (IMPRINT)
Place of publication, distribution, etc New York :
Name of publisher, distributor, etc McGraw-Hill Book Company,
Date of publication, distribution, etc c.1984
Place of manufacture (Singapore)
300 ## - PHYSICAL DESCRIPTION
Extent xv, 861 p. :
Other physical details ill. ;
Dimensions 25 cm.
440 ## -
-- Electronical michanical Engineering .
500 ## - GENERAL NOTE
General note Index : p. 851-861.
504 ## - BIBLIOGRAPHY, ETC. NOTE
Bibliography, etc Bibliography : p. 842-849.
590 ## - LOCAL NOTE (RLIN)
Local note Doha
650 #0 - SUBJECT ADDED ENTRY--TOPICAL TERM
Topical term or geographic name as entry element Electric power-plants.
9 (RLIN) 23178
Source of heading or term BUEsh
651 ## - SUBJECT ADDED ENTRY--GEOGRAPHIC NAME
Source of heading or term BUEsh
653 ## - INDEX TERM--UNCONTROLLED
Arrived date list January2014
-- August2015
655 ## - INDEX TERM--GENRE/FORM
Form subdivision
-- 33728
942 ## - ADDED ENTRY ELEMENTS (KOHA)
Item type Book - Borrowing
Call number prefix 621.3121 WAK
Source of classification or shelving scheme Dewey Decimal Classification
Holdings
Withdrawn status Item status Source of classification or shelving scheme Damaged status Not for loan Home library Current library Shelving location Date acquired Source of acquisition Cost, normal purchase price Total Checkouts Total Renewals Full call number Barcode Date last seen Date last borrowed Koha item type Vendor
    Dewey Decimal Classification     Central Library Central Library First floor 07/09/2010 Purchase 180.00 7 76 621.3121 WAK 000005694 15/07/2025 22/02/2017 Book - Borrowing  
    Dewey Decimal Classification     Central Library Central Library First floor 18/04/2011   180.00 4   621.3121 WAK 000023292 15/07/2025 24/04/2013 NB - Book (Non borrowing) Baccah
    Dewey Decimal Classification     Central Library Central Library First floor 18/04/2011   180.00 8 101 621.3121 WAK 000023293 15/07/2025 08/04/2019 Book - Borrowing Baccah
    Dewey Decimal Classification     Central Library Central Library First floor 24/02/2013   180.00 8 104 621.3121 WAK 000028335 15/07/2025 18/03/2019 Book - Borrowing Baccah
    Dewey Decimal Classification     Central Library Central Library First floor 24/02/2013   180.00 5 18 621.3121 WAK 000028336 15/07/2025 27/02/2017 Book - Borrowing Baccah
    Dewey Decimal Classification     Central Library Central Library First floor 24/02/2013   180.00 10 57 621.3121 WAK 000028337 15/07/2025 16/03/2023 Book - Borrowing Baccah
    Dewey Decimal Classification     Central Library Central Library First floor 21/01/2014     11   621.3121 WAK 000035393 15/07/2025 05/02/2018 Book - Borrowing Baccah
    Dewey Decimal Classification     Central Library Central Library First floor 21/01/2014     6 61 621.3121 WAK 000035394 15/07/2025 16/03/2023 Book - Borrowing Baccah